000 00588nam a2200181 4500
001 135954
003 ES-MaACL
005 20230906195010.0
007 t|
008 070214s1913 fr r ||||1| fre d
100 1 _aRouveyre, André.
_9100094
245 1 0 _aVisages des contemporains
_b: portraits dessinés d'apres le vif : (1908-1913) /
_cAndré Rouveyre ; preface de Remy de Gourmont.
250 _a4ª. ed.
260 _aParis :
_bMercure de France,
_c1913.
300 _aXII, 288 p. ;
_c19 cm.
700 1 _aGourmont, Rémy de (
_d1858-1916)
_959362
852 _aES-MaACL
_jF-7454
999 _c135954
_d135954